| 000 | 01143nam a2200325 i 4500 | ||
|---|---|---|---|
| 001 | 192689 | ||
| 003 | SpMaBN | ||
| 005 | 20240528062746.0 | ||
| 007 | ta | ||
| 008 | 230512s2020 sp a | |||| 000 pdspa | ||
| 017 |
_aGR 1029-2020 _bOficina Depósito Legal Granada |
||
| 020 | _a9788417712785 | ||
| 040 |
_aSpMaBN _bspa _cES-MaACL _erda |
||
| 080 | _a821.134.2-14"19" | ||
| 100 | 1 |
_aLópez Expósito, Ana María _eaut _9176562 |
|
| 245 | 1 | 0 |
_aPétalos de violeta / _cAna María López Expóxito. |
| 250 | _a1ª edición: año 2020 | ||
| 264 | 1 |
_aMolvízar (Granada) : _bGranada Club Selección, _c2020. |
|
| 300 |
_a305 páginas : _bfotografías (blanco y negro) ; _c22 cm |
||
| 336 |
_aTexto _2rdacontent |
||
| 337 |
_asin mediación _2rdamedia |
||
| 338 |
_avolumen _2rdacarrier |
||
| 500 | _aÍndice | ||
| 655 | 7 |
_aPoesías _2tgfbne _9176539 |
|
| 852 |
_aES-MaACL _bR.154376 _cDEPOJ _hDonación: Ana María López Expósito _jN-8305 _zDedicatoria autógrafa de la autora _9199985 |
||
| 903 |
_aLópez Expósito, Ana María _ednr _9176562 |
||
| 942 |
_n0 _cMONOGRAFIA |
||
| 999 |
_c192689 _d192689 |
||